|
|
|
|
| LEADER |
01250nam a2200301 a 4500 |
| 001 |
4086954 |
| 008 |
0905118s1974 moua b 001 0 eng d |
| 010 |
|
|
|a 73012693
|
| 020 |
|
|
|a 0801621011
|
| 040 |
|
|
|a DLC
|c DLC
|d DLC
|
| 060 |
|
|
|a WY158 N974 1974
|
| 082 |
0 |
0 |
|a 610.73/6
|2 18
|
| 245 |
0 |
0 |
|a Nursing care in eye, ear, nose, and throat disorders
|c [by] William H. Havener [and others]
|
| 250 |
|
|
|a 3d ed.
|
| 260 |
|
|
|a Saint Louis,
|b Mosby,
|c 1974.
|
| 300 |
|
|
|a viii, 459 p.
|b illus.
|c 25 cm.
|
| 500 |
|
|
|a First ed. by W. H. Havener, W. H. Saunders, and B. S. Bergersen.
|
| 504 |
|
|
|a Includes bibliographies.
|
| 541 |
1 |
|
|e 00000646
|
| 650 |
|
0 |
|a Ophthalmic nursing.
|
| 650 |
|
0 |
|a Otolaryngological nursing.
|
| 650 |
|
2 |
|a Eye diseases
|x Nursing.
|
| 650 |
|
2 |
|a Otorhinolaryngologic diseases
|x Nursing.
|
| 700 |
1 |
|
|a Havener, William H.
|q (William Henry),
|d 1924-
|
| 700 |
1 |
|
|a Havener, William H.
|q (William Henry),
|d 1924-
|t Nursing care in eye, ear, nose and throat disorders.
|
| 852 |
4 |
|
|a <add your library>
|j <shelf mark
|
| 999 |
|
|
|c 778
|d 778
|
| 952 |
|
|
|0 0
|1 0
|2 ddc
|4 0
|6 610_736000000000000_HAV_1974
|7 0
|8 NFIC
|9 717
|a BRACUL
|b BRACUL
|c GEN
|d 2009-05-18
|g 0.00
|l 0
|o 610.736 HAV
|p 3010000646
|r 2009-05-18
|t 1
|w 2009-05-18
|y BK
|x No price found in the accession register.
|